00641nam a2200193Ia 450000500170000000800410001702000150005808200130007310000130008624501060009926000440020530000150024965000200026465000240028465000210030894200060032995200970033599900150043220240610013928.0240331s9999 xx 000 0 und d a0335200788 bMUNa371 aMunro, P 0aSubject to fiction :bwomen teacher's life history narratives and the cultural politics of resistance aBuckinghambOpen University Pressc1998 axv,153 p., aWomen teachers  aSexism in Education aFeminist theory  cL 001040708LaWERCLbWERCLcSSCd2024-03-31l0o 371.1 MUNp4110r2024-03-31w2024-03-31yL c2946d2946